000 00596nam a2200229Ia 4500
003 OSt
005 20220923230240.0
006 a|||||r|||| 00| 0
007 ta
008 Pun
024 _a278,726
037 _cTextual
040 _aARTS
_cARTS
_bPun
041 _2Pun
_aPun
082 _aO153,1NKA1:g, M1
100 _aਅਹਿਮਦਯਾਰ
_9156277
245 0 _aਕਿੱਸਾ ਰਾਜ ਬੀਬੀ
260 _c1981
650 _aਪੰਜਾਬੀ ਸਾਹਿਤ
942 _hO153,1NKA1:g, M1
_cTEXL
_2CC
999 _c383494
_d383494